[Event "GER-ch 70th"]
[Site "Bremen"]
[Date "1998.11.10"]
[Round "5"]
[White "Hickl, Joerg"]
[Black "Rabiega, Robert"]
[Result "1-0"]
[WhiteElo "2540"]
[BlackElo "2525"]
[Annotator "Ribli,Z"]
[PlyCount "87"]
[EventDate "1998.11.06"]
[EventType "swiss"]
[EventRounds "9"]
[EventCountry "GER"]
[SourceTitle "CBM 068"]
[Source "ChessBase"]
[SourceDate "1999.02.01"]
[SourceVersion "1"]
[SourceVersionDate "1999.02.01"]
[SourceQuality "1"]

1. c4 e6 2. Nf3 d5 3. b3 Be7 4. Bb2 Bf6 {'?!' Ribli. Auf den ersten Blick
scheint es logisch, die Läufer auf der langen Diagonalen zu tauschen. Meines
Erachtens kostet das aber zu viel Zeit und es wäre besser, mit 4...Nf6
fortzusetzen. Ribli.} 5. Qc1 $5 (5. d4 dxc4 6. bxc4 c5 $132) 5... Bxb2 (5... d4
6. e3 {6.g3!? /\ Bg2 +/=} e5 7. d3 Nc6 8. exd4 exd4 9. Be2 Nge7 10. O-O O-O 11.
Nbd2 Ng6 12. Ne4 Re8 13. Re1 Be7 14. a3 a5 15. Qd2 h6 16. h3 Bf5 {1/2-1/2
Akopian,V-Petrosian,A/Daugavpils 1989/CBM 16/[Ribli] (27)}) 6. Qxb2 {[%csl Gb2]
[%cal Gb2h8] Die weiße Dame steht auf b2 recht aktiv.} Nf6 (6... Qf6 7. Nc3 $14
c5 (7... d4 $2 8. Ne4 $16 {[%csl Rd4]}) 8. cxd5 exd5 9. d4 $1 cxd4 $2 10. Nxd5
$16) 7. g3 $5 (7. e3 O-O 8. Be2 c5 (8... b6 9. O-O Bb7 10. cxd5 Nxd5 11. d4 Nd7
12. b4 Qe7 13. a3 Rfb8 14. Nbd2 c5 15. dxc5 bxc5 16. b5 a6 17. a4 axb5 18. axb5
N5b6 19. Rxa8 Rxa8 20. Ra1 {1-0 Contin,D-Mantovani,R/Cattolica 1994/EXT 97 (41)
}) (8... dxc4 9. Bxc4 b6 10. O-O c5 11. d4 Nbd7 12. Rd1 Qe7 13. Nc3 Bb7 14.
Rac1 Rfd8 15. Qa3 Qf8 16. Ba6 Bxf3 17. gxf3 cxd4 18. Qxf8+ Nxf8 19. exd4 Rd7
20. Nb5 Nd5 21. a3 g5 {0-1 Contin,D-Portisch,L/Reggio Emilia 1993/EXT 97 (44)})
9. O-O b6 (9... Nc6 10. cxd5 Nxd5 11. Rc1 Qd6 12. Na3 Bd7 13. Nc4 {1/2-1/2
Mikhalchishin,A-Novikov,I/Bled 1996/CBM 51 ext (13)}) 10. cxd5 (10. Rd1 Bb7 11.
d4 cxd4 12. Nxd4 Qe7 13. cxd5 Nxd5 14. Nc3 Nxc3 15. Qxc3 Rc8 16. Qb2 Nc6 17.
Nb5 Rd8 18. Bf3 a6 19. Nd4 Nxd4 20. Bxb7 Qxb7 {1/2-1/2 Lerner,K-Sveshnikov,E/
Helsinki 1992/CBM 32 (20)}) 10... Nxd5 11. Nc3 Nc6 12. Rfd1 Bb7 13. d4 {
1/2-1/2 Wirthensohn,H-Borgo,G/Portoroz 1998/EXT 99 (13)}) 7... O-O 8. Bg2 c5 (
8... b6 9. O-O Bb7 10. cxd5 exd5 (10... Nxd5 11. d4 $14 {Weiß hat
Zentrumsübergewicht.}) (10... Bxd5 $6 11. Nc3 $14) 11. d4 $14 {[%csl Rb7] Weiß
verfügt über einen kleinen positionellen Vorteil wegen des passiven schwarzen
Läufers auf b7.}) 9. O-O Nc6 10. cxd5 Nxd5 (10... exd5 11. d4 $14 {[%csl Rd5]
und der d5-Bauer wird isoliert.}) 11. Rd1 $5 $146 {[%csl Gg2] Weiß bereitet
den Zug d2-d4 vor. Es sei angemerkt, daß es einen großen Unterschied zwischen
den Läufern gibt. Der Läufer g2 kontrolliert die lange Diagonale, während sein
Gegenüber auf c8 viel schlechter steht.} (11. Nc3 Qf6 12. Rac1 b6 13. Rfd1 Bb7
14. d4 Nxc3 15. Qxc3 Rfd8 16. e3 cxd4 17. Nxd4 Nxd4 18. Rxd4 Rxd4 19. Qxd4 Qxd4
20. exd4 Rc8 {1/2-1/2 Bricard,E-Marciano,D/Paris 1995/EXT 98 (20)}) 11... Bd7 (
11... b6 {Für diese ideale Läuferentwicklung hat Schwarz leider keine Zeit.}
12. d4 cxd4 13. Nxd4 $14 {[%cal Gg2a8,Gd1d8]}) 12. Na3 $5 (12. Nc3 Qf6 $11 {
[%cal Gf6b2]}) 12... Qe7 (12... Qf6 13. Qxf6 Nxf6 14. Rac1 (14. d4 cxd4 15.
Nxd4 Nxd4 16. Rxd4 $14 {[%csl Gg2][%cal Rg2a8]}) 14... b6 15. d4 cxd4 16. Nxd4
Nxd4 17. Rxd4 Rac8 18. Rcd1 $14) 13. d4 $14 {Nach diesem Zug wird zwar die
Bauerstruktur symmetrisch, aber Weiß hat das aktivere Figurenspiel.} cxd4 14.
Nxd4 Nxd4 15. Rxd4 Bc6 {[%csl Gc6,Gg2] Der schwarze Läufer ist endlich auf der
langen Diagonalen. Damit steht Schwarz kurz davor, Ausgleich zu erlangen, aber
Weiß hat noch immer etwas Initiative.} 16. Nc4 Nb4 (16... Rfd8 17. Rad1) 17.
Rad1 {[%cal Gd1d8]} (17. e4 Rfd8 18. Rad1 Rxd4 19. Rxd4 Rd8 $11) 17... Rfd8 {
[#]} (17... Bxg2 18. Kxg2 $14 {Weiß steht dank seiner Kontrolle über die
d-Linie etwas besser.} Nc6 $2 19. Rd7 $16 {[%csl Gd7]}) 18. R4d2 $5 {Weiß gibt
die Kontrolle der d-Linie nicht auf. Auf 18...Rxd2 kommt jetzt 19.Qxd2.} h6 (
18... Rxd2 19. Qxd2 $14 {[%cal Gd1d8]} (19. Rxd2 Rd8 $11)) 19. a3 Bxg2 (19...
Nd5 20. Ne5 $14 {[%csl Rc6,Ge5,Gg2]}) 20. Kxg2 Nc6 (20... Nd5 21. e4 Nf6 22.
Nd6 $14 {[%csl Gd6]}) 21. Nd6 $1 {[%csl Gd6][%mdl 32] [#] Der ausgezeichnete
weiße Springer auf d6 lähmt die schwarze Stellung.} e5 $6 {[%cal Gc6d4] Dieser
Zug gefällt mir nicht. Er schwächt insbesondere zu sehr das Feld d5.} (21...
Qc7 $14) (21... Rd7 $2 {Die Idee, in der d-Linie zu verdoppeln wäre nicht
schlecht, aber Weiß hat eine taktische Widerlegung:} 22. Nf5 $18 {[%cal Rf5e7,
Rd1d7]}) 22. e3 $1 {Der Springerzug nach d4 ist verhindert und es fällt dem
Schwarzen schwer, einen nützlichen Zug zu finden.} Qe6 $5 {Schwarz opfert
einen Bauern für etwas Gegenspiel.} (22... Rab8 23. b4 $14) 23. Nxb7 Rxd2 24.
Rxd2 Rb8 {[%cal Gb8b2]} 25. Nc5 $16 Qf5 (25... Qg4 26. h3 $16 (26. Qc2 $16))
26. Qc2 $1 {Damentausch wäre natürlich im Sinne des Weißen.} e4 $5 {Was hat
Schwarz zu verlieren? Er opfert einen weiteren Bauern.} (26... Qxc2 27. Rxc2
$16 {[%csl Ga3,Gb3,Gc5]}) 27. Nd7 {[%cal Rc2c6,Rd7b8] Weiß nimmt nicht auf e4,
obwohl ich nicht überzeugt bin, daß die Kompensation ausreichend wäre. Mit dem
Textzug verhindert Weiß 27...Ne5.} (27. Nxe4 Ne5 {[%csl Re4,Yf3,Rg2][%cal
Gb8c8,Gc8c2]} 28. Rd6 $5 {[%cal Re4f6,Rf6g8,Rc2f5]} (28. Nc5 Qf3+ 29. Kg1 Qc6 {
[%csl Rg1][%cal Re5f3,Rf3d2,Rf3g1]})) 27... Rc8 28. Qd1 Ne7 (28... Ne5 29. Nxe5
Qxe5 30. Rd8+ Rxd8 31. Qxd8+ Kh7 32. Qd4 $16) 29. b4 Rc3 30. Nc5 $5 {Weiß muß
den Bauern a3 nicht direkt verteidigen, denn im Falle von ...Rxa3 wäre der
Turm gefangen.} h5 (30... Rxa3 31. Qc1 {[%csl Ra3][%cal Rc1a3]} Rd3 (31... Qf3+
32. Kg1 {[%cal Rc1a3]}) 32. Nxd3 exd3 33. Qc4 $18) 31. h3 Ng6 {[%csl Yf3][%cal
Rg6e5,Re5f3]} (31... h4 $6 32. g4) 32. Rd4 Rxa3 (32... Ne5 33. Rxe4 $16) 33.
Rxe4 {Weiß hat einen Bauern mehr, aber die Bauernmehrheit am Königsflügel ist
noch nicht so leicht zu verwerten.} a5 34. Qd8+ (34. Qc2 $6 Qd5 {[%cal Gd5g2]}
35. Qc4 Qxc4 36. Rxc4 axb4 37. Rxb4 $14) 34... Kh7 35. g4 $1 hxg4 36. hxg4 {
[%csl Rf5] Jetzt mußSchwarz die Damen tauschen und in einem sehr schwierigen
Endspiel ums Überleben kämpfen.} Qf6 37. Qxf6 gxf6 38. b5 {[%csl Gb5] Der
weiße b-Bauer ist eine neue Gefahr und Weiß droht zudem 39.Ra4.} (38. bxa5 Rxa5
$14) 38... Rc3 39. Nd7 {[%csl Gb5][%cal Rb5b6,Rd7f6,Rf6h7]} (39. Na4 Rb3 40. b6
$16) 39... Rb3 (39... Kg7 40. Ra4 $18 {[%csl Ra5]} (40. b6 Rb3 41. Ra4 Rb5 $16)
) 40. Nxf6+ Kh8 (40... Kg7 41. Ne8+ Kf8 42. Nd6 $18) 41. f4 $6 {Der Textzug
ist nicht schlecht, aber der sofortige Angriff mit Re8+ nebst g4-g5 scheint
mir noch besser zu sein.} (41. Re8+ Kg7 42. g5 {[%csl Rg7][%cal Re8g8,Rg8g7]}
Nf8 (42... Nh4+ 43. Kh3 $18) 43. Rb8 (43. b6 Rxb6 44. Rxf8 Rxf6 45. Ra8 (45.
gxf6+ $4 Kxf8 $19 {[%csl Ga5,Rg2][%cal Ra5a4,Ra4a3,Ra3a2,Ra2a1]}) 45... Rf5 46.
f4 $16) 43... a4 44. b6 a3 45. Ra8 Rxb6 46. Rxa3 $18 {und die weißen
Mehrbauern sind leicht zu verwerten.}) 41... Rxb5 42. g5 {[%csl Ge4,Gf6,Gg5]
[%cal Re4e8,Re8h8] Die weiße Bauernmasse entscheidet die Partie.} Kg7 (42...
Rb8 43. f5 Nf8 44. Re7 Kg7 45. Ne8+ Kg8 (45... Kh8 46. Nd6 $18 {[%csl Rf7]})
46. g6 fxg6 47. Nf6+ Kh8 48. fxg6 {[%cal Rg6g7,Rg7h8]} Nxg6 49. Rh7#) 43. Re8
$18 {[%csl Rg7][%cal Re8g8,Rg8g7]} Nf8 44. Ra8 {[%csl Ga8,Gf6,Rf8,Rg7] Und
Schwarz gab in hoffnungsloser Stellung auf. Er kann nur abwarten, während der
Gegner den Materialvorteil leicht verwerten kann.} (44. Ra8 Rc5 45. Kf3 $18 (
45. Rxf8 $4 Rc2+ $19 (45... Kxf8 46. Nd7+ $18 {[%cal Rd7c5,Rd7f8]}))) 1-0

[Event "BIH-chT"]
[Site "Neum"]
[Date "2002.06.06"]
[Round "7.1"]
[White "Nikolac, Juraj"]
[Black "Adams, Michael"]
[Result "0-1"]
[WhiteElo "2428"]
[BlackElo "2744"]
[Annotator "Ribli,Z"]
[PlyCount "106"]
[EventDate "2002.06.02"]
[EventType "team"]
[EventRounds "9"]
[EventCountry "BIH"]
[SourceTitle "CBM 090"]
[Source "ChessBase"]
[SourceDate "2002.09.20"]
[SourceVersion "1"]
[SourceVersionDate "2002.09.20"]
[SourceQuality "1"]
[WhiteTeam "Mostar Zrinjski"]
[BlackTeam "Sarajevo Bosna"]
[WhiteTeamCountry "BIH"]
[BlackTeamCountry "BIH"]

1. Nf3 Nf6 2. c4 e6 3. g3 d5 4. Bg2 dxc4 5. O-O {Das ist eine seltene
Fortsetzung - die Alternativen lauten 5.Qc2, 5.Na3, 5.Ne5 und - in allererster
Linie - 5.Qa4+. Der Textzug verspricht Weiß m.E. keinen Eröffnungsvorteil,
zumal noch nicht einmal klar ist, wie er den Pc4 zurück gewinnen soll.} a6 (
5... Nc6) 6. Ne5 (6. a4 Nc6 7. Qc2 (7. a5 Bb4 8. Ne5 (8. Na3 Bxa5 9. Nxc4 Bb4
10. d4 O-O 11. Qd3 Be7 12. e4 b5 13. Nce5 Nb4 {0-1 Afifi,A-Andersson,U/
Thessaloniki 1984/EXT 97-B (55)}) 8... Nxe5 9. Qa4+ Bd7 10. Qxb4 Nd5 11. Qa3
Qe7 {0-1 Hebden,M-Chandler,M/Southampton 1986/EXT 99 (39)}) 7... Na5 (7... e5
8. Qxc4 (8. Na3 Bxa3 9. bxa3 Be6 10. Ng5 Nd4 11. Nxe6 Nxc2 12. Nxd8 Nxa1 13.
Nxb7 Nb3 {0-1 Bystrov,S-Dautov,R/Minsk 1987/EXT 99 (35)}) 8... Be6 9. Qc3 Bb4
10. Qe3 Ng4 11. Qe4 f5 12. Qd3 Qxd3 13. exd3 O-O-O {0-1 Taylor,P-Shneider,A/
Port Erin 1999/CBM 74/[Hecht] (69)}) 8. Na3 Qd5 9. Rd1 (9. Ne1 Qc5 $15 10. d3
Nb3 11. Rb1 cxd3 $1 12. Qxc5 Nxc5 13. Nxd3 Nxa4 {0-1 Karlsson,A-Thorhallsson,T/
Hafnarfirdi 1992/CBM 29/[Ribli] (44)}) 9... Bd7 10. d3 Nb3 11. Ra2 Nxc1 12.
Qxc1 Bxa4 13. Nxc4 Bxd1 14. Nfe5 Qb5 15. Qxd1 Bb4 {0-1 Quinn,M-Onischuk,A/
Yerevan 1996/EXT 97 (38)}) (6. Nc3 Nbd7 (6... b5 $6 7. d3 $1 cxd3 (7... Bb7 8.
dxc4 Qxd1 9. Rxd1 bxc4 10. Ne5 $16) 8. Ne5 Ra7 9. Be3 c5 10. Qxd3 $44) 7. Qa4
c5 8. Qxc4 b5 9. Qb3 Bb7 $11) (6. Qc2) 6... Qd4 7. Nf3 {Dieser Zug ist
eigentlich ein indirektes Remisangebot. Weiß bietet Zugwiederholung an, in der
Hoffnung, ein Paar Elo-Punkte zu gewinnen).} Qd6 {[%mdl 4]} (7... Qd8 8. Ne5
Qd4 9. Nf3 {1/2-1/2 Spangenberg,H-Zarnicki,P/Potrero de los Funes 1995/EXT 97 
(9)}) 8. a4 {Mit diesem prophylaktischen Zug verhindert Weiß b7-b5.} (8. Na3 b5
$15) (8. Qc2 b5 $15) 8... Nc6 9. Na3 (9. Qc2 Na5) 9... Na5 (9... Qc5) 10. Qc2
Qc5 {Weiß hat Entwicklungsvorsprung, aber es ist nicht leicht, für ihn, den
Bc1 ins Spiel zu bringen. Und außerdem hat Schwarz natürlich noch immer einen
Bauern mehr.} (10... Qb4) 11. d4 cxd3 12. Qxd3 Qf5 $1 $15 {Schwarz muss zwar
noch seine Entwicklung beenden, aber - meiner Meinung nach - hat Weiß keine
ausreichende Kompensation für den Bauern.} (12... Be7 13. Bf4 $44) (12... Bd6
13. Bd2 Nc6 14. Nc4 $44) 13. Qc3 (13. Qxf5 exf5 $17) 13... Nc6 (13... Nd5 14.
Qe1 $13 {[%cal Ge2e4,Ge4f5,Ge4d5]} (14. Qxa5 Bb4 $19)) 14. Nc4 Be7 (14... Bb4
15. Qb3 O-O $15) 15. Nh4 (15. Bf4 $5 Bb4 (15... Nd5 16. Qxg7 Bf6 17. Qh6 (17.
Nh4 Qh5 18. Qh6 Qxh6 19. Bxh6 Bxh4 20. gxh4 Nd4 $15) 17... Nxf4 18. Qxf4 Qxf4
19. gxf4 $11 {[%cal Gf3e5]}) (15... Qh5 16. Bxc7 Nd5 17. Qxg7 Bf6 18. Qxf6 (18.
Nd6+ Ke7 $19) 18... Nxf6 19. Nb6 $132) 16. Qb3 $13) 15... Qc5 (15... Qh5 $2 16.
Bxc6+ bxc6 17. Nb6 $1 $16 {[%cal Rc3c6,Rc6e8,Rc6a8]}) 16. Be3 (16. Rd1 O-O $15)
16... Qb4 17. Qc2 (17. Bxc6+ bxc6 18. Qxb4 Bxb4 19. Rac1 Nd5 20. Bd2 c5 $15)
17... Nd5 {Schwarz muss sich mit der Rochade nicht beeilen - mit dem Textzug
verteidigt er sich zum einen gegen Bxc6 und zum anderen zentralisiert er damit
seinen Springer.} (17... O-O 18. Bxc6 bxc6 19. Nf3 $44 {[%cal Gf3e5]} (19. Ne5
Bb7 20. Nxc6 Bxc6 21. Qxc6 Qxb2 $17)) 18. Bd2 (18. Nf5 Bf6 $15) 18... Qc5 19.
Nf3 Nb6 $1 {Schwarz nutzt die Fesslung des Nc4 aus, um den weißen Springer
abzutauschen.} (19... O-O $15) 20. b3 (20. Rac1 Qxc4 21. Qxc4 Nxc4 22. Rxc4 Bd7
23. b4 Bd6 $15) 20... Nxc4 21. bxc4 a5 {[%csl Yb4] Der Textzug untermauert die
schwarze Herrschaft über das Feld b4.} 22. Rab1 {Weiß droht 23.Rb5 mit
Initiative.} (22. Rfd1 O-O $15) 22... Nb4 (22... O-O $2 23. Rb5 Qd6 24. Bf4 $14
) 23. Qb3 (23. Qe4 O-O $15) 23... O-O {Endlich konnte Schwarz rochieren. Weiß
hat etwas positionellen Druck für den Bauern, aber in der schwarzen Stellung
ist alles verteidigt .} 24. Be3 (24. Rfd1 f6 $15) 24... Qh5 25. h3 f6 {[%mdl
32] In der Folge kann Schwarz Qf7 ziehen und e6-e5 vorbereiten.} 26. Nd4 {
[%cal Gh5f7]} c6 {Schwarz verteidigt sich gut - jetzt ist der Wirkungsradius
des Bg2 eingeschränkt und das Motiv Nb5 ausgeschaltet.} 27. Rfd1 (27. c5 Nd5
$17) 27... e5 28. g4 (28. c5+ Qf7 29. Qxf7+ Kxf7 $17) 28... Qg6 (28... Qf7 29.
Nf5 {[%csl Gf5]} Bxf5 30. gxf5 Rfd8 31. Bb6 $44) 29. c5+ (29. Nf3 Be6 $17 (
29... Qf7 $17)) 29... Qf7 (29... Kh8 30. Ne6 $44) 30. Nf5 Bxf5 (30... Be6 31.
Qc3 Bxf5 32. gxf5 Rfd8 $15) 31. Qxf7+ (31. gxf5 Qxb3 32. Rxb3 Rfd8 $15) 31...
Kxf7 32. gxf5 {Schwarz kann mit den Vereinfachungen zufrieden sein. Nun hat er
einen gesunden Mehrbauern, und obgleich Weiß das Läuferpaar besitzt, wird
Schwarz bei technisch gutem Spiel seinen Materialvorteil verwerten können.}
Rfd8 $17 33. Rdc1 $6 {Dieser Zug gefällt mir nicht, er lässt Schwarz freie
Hand auf der d - Linie.} (33. Be4 $5) 33... Rd7 {[%csl Gd7][%cal Gd7b7,Gd7d1]
Nach diesem Zug ist der Pb7 gedeckt, so dass Schwarz anschließend seinen Nb4
befreien kann.} 34. Be4 Bf8 {Mit diesem prophylaktischen Zug räumt Schwarz das
Feld e7 für den Springer.} 35. f3 Nd5 36. Bd2 Ne7 $1 {[%cal Gg7g6] Schwarz
bereitet 37...g6 vor, was Weiß zum Abtausch seines starken Pf5 zwingen wird.}
37. Be1 g6 38. fxg6+ hxg6 {[%cal Gf6f5]} 39. Rb2 f5 40. Bb1 Kf6 (40... Bh6 41.
Ba2+ Kf6 42. Rcb1 {Durch Zugumstellung erreichen wir die Partiefortsetzung.})
41. Ba2 Bh6 42. Rcb1 Be3+ 43. Kf1 (43. Bf2 Bxf2+ 44. Kxf2 Rd4 45. Rxb7 Rxa4 46.
R1b2 Rd8 $17) 43... Ra7 {Der Turm steht etwas passiv auf a7, dafür hängt der
weiße Pc5, und Schwarz hat schon starke Drohungen am Königsflügel.} 44. Rc2 (
44. Bf2 Bxf2 45. Kxf2 Rd4 $17) 44... f4 {[%csl Ge3][%cal Ge7f5,Gf5d4]} 45. Bh4+
g5 46. Be1 Nf5 47. Kg2 Bd4 $19 {[%csl Ye3,Rg2][%cal Rf5e3,Re3g2,Re3c2] Es
droht 48...Ne3+ - plötzlich befindet sich der weiße König in großer Not.} 48.
Rcc1 (48. Bf2 Bxf2 49. Kxf2 Ne3 50. Rcc1 Ra8 $19 {[%csl Ge3][%cal Ra8h8,Rh8h3]}
) 48... Ra8 {[%cal Ra8h8,Rh8h3]} 49. Rb3 Ne3+ 50. Kh2 Rh8 {Jetzt droht 51...
Rdh7 mit sofortigem Gewinn.} 51. Bb1 Rg7 {[%cal Gg5g4]} 52. Be4 g4 53. fxg4
Nxg4+ (53... Nxg4+ 54. Kh1 (54. Kg2 Ne3+ 55. Kf3 Rxh3+ $19) 54... Be3 $19) 0-1

[Event "Escaldes zt"]
[Site "Escaldes"]
[Date "1998.11.07"]
[Round "2"]
[White "Miles, Anthony John"]
[Black "Efimov, Igor"]
[Result "1-0"]
[WhiteElo "2590"]
[BlackElo "2530"]
[Annotator "Ribli,Z"]
[PlyCount "89"]
[EventDate "1998.11.06"]
[EventType "swiss"]
[EventRounds "9"]
[EventCountry "AND"]
[SourceTitle "CBM 068"]
[Source "ChessBase"]
[SourceDate "1999.02.01"]
[SourceVersion "1"]
[SourceVersionDate "1999.02.01"]
[SourceQuality "1"]

1. c4 e6 2. g3 d5 3. Bg2 g6 {Meines Erachtens ist diese Läuferentwicklung
etwas anrüchig. Ich glaube, der traditionelle Weg (später ...Be7) wäre besser.
Ribli.} 4. Nf3 Bg7 5. O-O Ne7 6. d4 Nbc6 {[%cal Gc6d4,Gg7d4,Ge7f5,Gf5d4] Die
schwarze Hauptidee ist, gegen den Punkt d4 zu spielen. Der schwarze Springer
steht aber auch etwas unnatürlich auf c6.} 7. e3 $5 {Weiß stärkt zunächst den
Punkt d4.} (7. cxd5 exd5 8. Nc3 O-O 9. Bf4 Be6 10. Qa4 a6 11. Rfd1 Nf5 12. e3
h6 13. h4 Nd6 14. Bxd6 Qxd6 15. Ne1 Ne7 16. Nd3 Rad8 17. Qb4 Qxb4 18. Nxb4 c6
19. Nd3 Nf5 20. Nc5 Nd6 21. b4 Bf5 22. a4 $14 {1-0 Miles,A-Wallace,J/Auckland
1992/CBM 29 ext (55)}) 7... O-O 8. Qc2 {[%csl Gc2] Die weiße Dame steht gut
auf c2 und räumt d1 für den Turm.} (8. Nbd2) 8... a5 {Dieser Raumgewinnungszug
gibt dem Schwarzen auch die Möglichkeit, nach eventuellem weißen b2-b3 /
Bc1-a3, ...Nc6-b4 zu spielen.} (8... dxc4 9. Na3 e5 10. Nxe5 Nxe5 11. dxe5 Bxe5
12. Nxc4 Bg7 13. Rd1 {[%cal Rd1d8]} Qe8 14. Bd2 Bg4 15. Rdc1 Rb8 16. Bc3 Bf5
17. Qb3 Bxc3 18. Qxc3 $14 c6 19. Rd1 Nc8 {1/2-1/2 Miles,A-Giorgadze,G/Linares
1997/CBM 58 (27)}) 9. Rd1 {[%cal Gd1d8] Weiß hat sich harmonisch entwickelt
und verfügt dank seines Zentrumsübergewichtes über die besseren Chancen.} Nf5
$146 (9... b6 $5 10. b3 Ba6 11. cxd5 exd5 12. a3 Qd6 13. Bb2 Rad8 14. Nbd2 f5
15. Rac1 Rd7 16. Ng5 h6 17. Nh3 g5 18. f4 Qg6 19. Re1 Nd8 20. Nf2 Nf7 21. Nd3
Bxd3 22. Qxd3 g4 23. a4 Rfd8 24. Ba3 Bf8 25. Qb5 Qe6 26. Bf1 Nc8 27. Bxf8 Kxf8
28. Rc6 Nfd6 29. Qa6 Ne7 30. Rc3 Ndc8 31. Rec1 c6 $13 {1-0 Hansen,T-Akesson,R/
Gausdal 1998/EXT 99 (64)}) 10. b3 Bd7 (10... Nb4 11. Qe2 $14) 11. Bb2 (11. Ba3
Nb4 12. Qd2 c5 $132) 11... a4 (11... Nb4 12. Qd2 $5 (12. Qe2 a4)) 12. Nbd2 (12.
Na3 Nb4 13. Qd2 $14 {[%cal Gf3e5]}) (12. Nc3 a3 13. Bc1 {Der scheinbare
Aktivposten des Schwarzen (der Bauer a3) kann auch schwach sein.}) 12... Qe7 (
12... a3 13. Bc3 $14) 13. Bc3 Rfc8 $6 {Der Turm steht auf c8 unglücklich, aber
Schwarz plant ...Nb4 nebst ...c7-c5.} (13... Rfd8 $14 {Mit der Idee ...Bd7-e8.}
) 14. Qb2 {[%csl Ye5] Weiß kontrolliert den Punkt e5 und provoziert den
Vorstoß ...a4-a3.} Nd6 (14... a3 15. Qc1 {[%csl Ra3] und Weiß kann später mit
dem einfachen Plan Nd2-b1, c4-c5 und b3-b4 den a3-Bauern gewinnen.} Nb4 16. e4
(16. Nb1 {[%cal Rb1a3]}) 16... dxe4 17. Nxe4 $14) 15. Ne5 {[%csl Rd5,Ge5][%cal
Rg2d5][%mdl 1088] [#] Mit diesem Zug sichert sich Weiß klares uns dauerhaftes
Übergewicht im Zentrum.} Nxe5 {Schwarz kann sein Zentrum nicht behaupten.} (
15... dxc4 16. bxc4 $14 {[%csl Gb2,Gc4,Gd4,Ge5][%cal Gg2b7]} (16. Nxd7 Qxd7 17.
bxc4 $14 {[%cal Gg2a8]})) 16. dxe5 Ne8 (16... Nf5 17. cxd5 exd5 18. Bxd5 c6 19.
Bg2 a3 20. Qc1 Bxe5 21. Bxe5 Qxe5 22. Nc4 {[%cal Rc4a3,Rc4b6,Rb6a8,Rb6c8,Rc4e5,
Rd1d7]} Qc7 $8 23. Nxa3 $16) 17. cxd5 exd5 18. Bxd5 $16 {Weiß besitzt einen
Mehrbauern und eine gesunde Stellung.} c6 19. Bg2 a3 {Schwarz versucht, im
Trüben zu fischen, was in seiner schwierigen Lage noch das Beste ist.} 20. Qc1
Rd8 $6 (20... Bxe5 21. Bxe5 Qxe5 22. Nc4 {[%cal Rc4a3,Rc4e5,Rc4b6,Rb6c8,Rb6a8,
Rd1d7]} Qc7 23. Nxa3 $16 {Weiß hat einen klaren Mehrbauern, aber meines
Erachtens muß Schwarz so spielen, denn die Verwertung der Mehrheit am
Königsflügel bereitet noch technische Schwierigkeiten.}) 21. Nc4 {[%csl Ge5]
[%cal Gc4b6]} b5 22. Nb6 (22. Rxd7 $5 {[%cal Rc4b6,Rb6d7,Rb6a8]} Rxd7 (22...
Qxd7 23. Nb6 Qe6 24. Nxa8 Rxa8 25. f4 $16) 23. Nb6 Ra6 24. Nxd7 Qxd7 25. Qc2
$16) 22... Bg4 23. Rd4 $1 {[%cal Rd4g4] [#]} (23. Rxd8 Rxd8 {[%cal Rd8d1,Rd1a1,
Rd1g1]} 24. Bd4 Bxe5 25. Qxc6 Bxd4 26. exd4 Rxd4 $14 {und Schwarz bekommt
etwas Gegenspiel.}) 23... Rab8 {Das verliert eine Qualität, aber die Lage des
Schwarzen ist ohnehin sehr schwierig.} (23... Rxd4 24. Bxd4 Rd8 25. h3 $18) 24.
Rxg4 Rxb6 25. Ba5 {[%cal Ra5d8]} Rbb8 26. Bxd8 Rxd8 27. Rd4 (27. f4 $6 h5 {
[%csl Rg4] Weiß steht natürlich auch hier besser, aber der Turm hat sich etwas
verirrt.}) 27... Rc8 (27... Bxe5 28. Rxd8 Qxd8 29. Rb1 $16 {[%csl Ra3,Rc6]
[%cal Rc1a3,Rc1c6]}) (27... Rxd4 28. exd4 $18) 28. f4 c5 29. Qxa3 {[%cal Ra3e7]
} f6 {Schwarz aktiviert seinen Läufer.} (29... b4 30. Qa6 (30. Qc1 {[%cal
Gc1c8]}) 30... cxd4 31. Qxc8 dxe3 32. Bc6 $18) 30. Rad1 fxe5 (30... b4 31. Qa6
(31. Qc1)) 31. Rd7 Qf6 32. Bb7 (32. Qa7 $16) 32... exf4 (32... Rc7 33. Rxc7
Nxc7 34. Qxc5 $18) (32... Rb8 33. Qa7 $18 {[%cal Ra7b8]}) 33. Bxc8 $18 {
Der weiße Materialvorteil ist überzeugend, Schwarz spekuliert nur noch auf die
weiße Zeitnot.} fxg3 34. Rxg7+ {Weiß kann problemlos die Qualität geben.} (34.
hxg3 Qe5 35. Kg2 Qe4+ 36. Kh2 $18) 34... Kxg7 35. hxg3 {Weiß hat einen ganzen
Turm mehr.} Qe5 {[%cal Re5g3,Rg3g1]} 36. Kf2 Nf6 {[%cal Rf6e4,Re4f2]} (36...
Qf6+ 37. Ke2 (37. Kg2 $6 Qc6+ {[%cal Rc6c8,Rc6g2]})) 37. Ke2 Ne4 {[%cal Re4c3,
Rc3d1,Rc3e2]} 38. Rd7+ Kh6 (38... Kh8 39. Qc1 $18) 39. Qc1 {[%cal Rc1h1,Rh1h6]}
Kg5 40. Bb7 {[%csl Gb7][%cal Rb7e4]} (40. Qh1 $4 Nxg3+ {[%cal Rg3e2,Rg3h1]})
40... Nc3+ (40... Nxg3+ 41. Ke1 $18 {[%cal Rd7d5,Rd5g5]}) 41. Kd2 Nxa2 42. Qc2
{Weiß hat viele Wege, die Partie zu gewinnen. Es ist schon eher die Frage, wie
Weiß die Stellung noch verderben kann.} (42. Qf1 Qc3+ (42... Qb2+ 43. Ke1 $18)
43. Ke2 Qc2+ 44. Ke1 Qc3+ 45. Kf2 $18) (42. Qh1 Qb2+ 43. Ke1 $18) 42... Nb4 43.
Qe4 (43. Qc3 $18) 43... Qb2+ 44. Kd1 Qxb3+ (44... Qa1+ 45. Ke2 $18) 45. Ke2 {
und Schwarz gab die hoffnungslose Stellung endlich auf.} (45. Ke2 Qb2+ 46. Kf3
$18) 1-0